Politics UK 4 - Statistics

General Stats
  • This quiz has been taken 30 times
  • The average score is 2 of 10
Answer Stats
Description Answer % Correct
Former Labour PM and Chancellor, Speaks a lot of sense, now he's not an MP! The irony. GB Gordon Brown
87%
Middle names Neil Wedgwood, former Labour MP of 47 years. TB Tony Benn
50%
Former tory Chancellor, Foreign Secretary and Deputy PM, GH Geoffrey Howe
37%
"Silly Billy" I need say no more. DH Denis Healy
33%
Stalking horse contender, in a bid to topple Thatcher in 1989, pro-European tory, then Liberal Democrat. AM Anthony Meyer
13%
Former Berwick MP and Liberal Democrat Deputy Leader, now in the Lords. AB Alan Beith
3%
Former Welsh Secretary, under Thatcher, then Major, became Lord of Wirral. DH David Hunt
3%
Former tory MP, defected to the Lib Dems, then became a peer and rejoined the tories. EN Emma Nicholson
3%
Former Labour MP, and Cabinet Office Minister, now Baron of Felling. JC Jack Cunningham
3%
Former MP for Ashton-under-Lyne, Labour, Chair of the PAC 83-97, died in February this year. RS Robert Sheldon
3%
No matching quizzes found
Score Distribution
Percent of People with Each Score
Percentile by Number Answered
Your Score History
You have not taken this quiz